Statistiques concernant Personnages Burn The Witch

Cliquez ici pour prendre le quiz!

Statistiques générales

  • Ce quiz a été pris 2 fois
  • Le résultat moyen est 10 sur 15

Statistiques - réponses

Réponse% Correct
Balgo
100%
Bruno
100%
Macy
100%
Ninny
100%
Noel
100%
Sushi
100%
Billy
50%
Cinderella
50%
Harry
50%
Roy
50%
Sullivan
50%
Tronbone
50%
Wolfgang
50%
Milieve
0%
Rickenbacker
0%

Distribution des résultats

Percentile par nombre de réponses

% des personnes avec chaque résultat

Votre développement - résultats

Vous n’avez pas pris ce quiz